States That Consume the Most Alcohol - Statistics

General Stats
  • This quiz has been taken 27 times
  • The average score is 7 of 10
Answer Stats
US State % Correct
Montana
88%
Alaska
77%
Nevada
73%
Oregon
73%
Washington
73%
Wyoming
73%
Colorado
62%
Maine
62%
Wisconsin
58%
Vermont
46%
No matching quizzes found
Score Distribution
Percent of People with Each Score
Percentile by Number Answered
Your Score History
You have not taken this quiz